[Event "Montigny le Bretonneux op 19th"]
[Site "Montigny le Bretonneux"]
[Date "2021.10.26"]
[Round "4"]
[White "Carbonnet, Christophe"]
[Black "De Lagontrie, Jean"]
[Result "1/2-1/2"]
[WhiteElo "1744"]
[BlackElo "1722"]
[PlyCount "81"]
[EventDate "2021.10.23"]
[EventType "swiss"]
[EventRounds "7"]
[EventCountry "FRA"]
[SourceTitle "CBM 204 Extra"]
[Source "ChessBase"]
[SourceDate "2021.11.30"]
[SourceVersion "1"]
[SourceVersionDate "2021.11.30"]
[SourceQuality "1"]

1. d4 d5 2. Nf3 c6 3. c4 e6 4. g3 Nf6 5. Bg2 Nbd7 6. 0-0 Be7 7. Nbd2 0-0 8. Qc2 b6 9. e4 dxe4 10. Nxe4 Bb7 11. Rd1 Nxe4 12. Qxe4 Nf6 13. Qc2 Rc8 14. Ne5 Qe8 15. a3 h6 16. b4 b5 17. c5 Nd5 18. h4 Ra8 19. Bd2 Bd8 20. Bf1 Bc7 21. Qe4 f5 22. Qg2 Bxe5 23. dxe5 Kh8 24. f4 h5 25. Be2 g6 26. Kf2 a6 27. Bf3 Qd7 28. Be1 Rg8 29. Bxd5 cxd5 30. Rd4 Bc6 31. Bc3 Kh7 32. Qf1 Rgf8 33. Qd3 Ra7 34. Qd2 Raa8 35. Kg2 Ra7 36. Kh2 Raa8 37. Qg2 Ra7 38. Bd2 Raa8 39. Be1 Ra7 40. Bd2 Raa8 41. Be1 1/2-1/2

[Event "Montigny le Bretonneux op 19th"]
[Site "Montigny le Bretonneux"]
[Date "2021.10.25"]
[Round "3"]
[White "De Lagontrie, Jean"]
[Black "Kunne, Ronald"]
[Result "1/2-1/2"]
[WhiteElo "1722"]
[BlackElo "1561"]
[PlyCount "47"]
[EventDate "2021.10.23"]
[EventType "swiss"]
[EventRounds "7"]
[EventCountry "FRA"]
[SourceTitle "CBM 204 Extra"]
[Source "ChessBase"]
[SourceDate "2021.11.30"]
[SourceVersion "1"]
[SourceVersionDate "2021.11.30"]
[SourceQuality "1"]

1. d4 e6 2. e4 d5 3. Nd2 dxe4 4. Nxe4 Nd7 5. Nf3 Ngf6 6. Bd3 Nxe4 7. Bxe4 Nf6 8. Bg5 c5 9. Bxf6 Qxf6 10. c3 cxd4 11. Qxd4 Qxd4 12. Nxd4 Be7 13. f4 0-0 14. 0-0 Bc5 15. Kh1 Bxd4 16. cxd4 Rd8 17. Rfd1 Rb8 18. Rac1 Rd7 19. Kg1 b6 20. Kf2 Bb7 21. Bxb7 Rdxb7 22. d5 exd5 23. Rxd5 Kf8 24. Rcd1 1/2-1/2

[Event "Montigny le Bretonneux Noel op 20th"]
[Site "Montigny le Bretonneux"]
[Date "2019.12.29"]
[Round "6"]
[White "De Lagontrie, Jean"]
[Black "Mongey, Alain"]
[Result "1/2-1/2"]
[WhiteElo "1699"]
[BlackElo "1589"]
[PlyCount "49"]
[EventDate "2019.12.27"]
[EventType "swiss"]
[EventRounds "7"]
[EventCountry "FRA"]
[SourceTitle "CBM 194 Extra"]
[Source "ChessBase"]
[SourceDate "2020.03.31"]
[SourceVersion "1"]
[SourceVersionDate "2020.03.31"]
[SourceQuality "1"]

1. d4 d5 2. c4 Nf6 3. cxd5 Nxd5 4. e4 Nb6 5. Nc3 e6 6. Nf3 Be7 7. Bd3 N8d7 8. 0-0 0-0 9. Qe2 c6 10. e5 Nd5 11. Qe4 f5 12. exf6 N7xf6 13. Qe2 Bd6 14. Bd2 Qc7 15. h3 Bf4 16. Ne5 Bxd2 17. Qxd2 Nd7 18. f4 Nxe5 19. fxe5 Bd7 20. Ne4 Rxf1+ 21. Rxf1 Rf8 22. Rxf8+ Kxf8 23. Kf2 Kg8 24. Ng5 Qd8 25. Bxh7+ 1/2-1/2

[Event "London Classic op 10th"]
[Site "London"]
[Date "2018.12.12"]
[Round "4"]
[White "De Lagontrie, Jean"]
[Black "Buselli, Daniel"]
[Result "1-0"]
[WhiteElo "1742"]
[BlackElo "1552"]
[PlyCount "37"]
[EventDate "2018.12.09"]
[EventType "swiss"]
[EventRounds "9"]
[EventCountry "ENG"]
[SourceTitle "CBM 187 Extra"]
[Source "ChessBase"]
[SourceDate "2018.11.04"]
[SourceVersion "1"]
[SourceVersionDate "2018.11.04"]
[SourceQuality "1"]

1. d4 Nf6 2. c4 g6 3. Nc3 d5 4. cxd5 Nxd5 5. e4 Nxc3 6. bxc3 Bg7 7. Bc4 c5 8. Ne2 Nc6 9. Be3 0-0 10. 0-0 Qc7 11. Rc1 Rd8 12. Qd2 Qa5 13. Rfd1 Qa3 14. Qc2 Na5 15. Bb5 Bd7 16. Rb1 a6 17. Bc1 Nc4 18. Bxd7 Qa5 19. Qa4 1-0

[Event "London Classic op 10th"]
[Site "London"]
[Date "2018.12.09"]
[Round "1"]
[White "De Lagontrie, Jean"]
[Black "McClement, Andrew"]
[Result "0-1"]
[WhiteElo "1742"]
[BlackElo "2182"]
[PlyCount "100"]
[EventDate "2018.12.09"]
[EventType "swiss"]
[EventRounds "9"]
[EventCountry "ENG"]
[SourceTitle "CBM 187 Extra"]
[Source "ChessBase"]
[SourceDate "2018.11.04"]
[SourceVersion "1"]
[SourceVersionDate "2018.11.04"]
[SourceQuality "1"]

1. d4 Nf6 2. c4 e6 3. Nc3 Bb4 4. e3 d5 5. a3 Bxc3+ 6. bxc3 c5 7. cxd5 exd5 8. Bd3 0-0 9. f3 Nc6 10. Ne2 b6 11. 0-0 Re8 12. Ng3 Bb7 13. Ra2 Rc8 14. Re2 cxd4 15. cxd4 Na5 16. Bb2 Nc4 17. Bxc4 Rxc4 18. Rfe1 Qc7 19. e4 Rc8 20. exd5 Bxd5 21. Nf5 Rf8 22. Ne7+ Kh8 23. Nxd5 Nxd5 24. Re8 Kg8 25. Qe2 Qc6 26. Rxf8+ Kxf8 27. Qe5 Qd7 28. a4 h6 29. Ba3+ Kg8 30. Bd6 Nf6 31. d5 Rxa4 32. Rc1 Ra5 33. Rd1 Rb5 34. Ba3 Rxd5 35. Rxd5 Nxd5 36. Bb2 Nf6 37. h4 Qe8 38. Qd4 Qb8 39. Bc1 Ne8 40. Qg4 Qd6 41. Bf4 Qe6 42. Qg3 a5 43. Qf2 b5 44. Bd2 b4 45. Qa7 Qd5 46. Be3 Qb5 47. Bc5 b3 48. Ba3 b2 49. Bxb2 Qxb2 50. Qxa5 Qd4+ 0-1

[Event "London Classic op"]
[Site "London"]
[Date "2017.12.08"]
[Round "8"]
[White "Rushbrooke, Tibo"]
[Black "De Lagontrie, Jean"]
[Result "1-0"]
[WhiteElo "1570"]
[BlackElo "1823"]
[PlyCount "55"]
[EventDate "2017.12.02"]
[EventType "swiss"]
[EventRounds "9"]
[EventCountry "ENG"]
[SourceTitle "CBM 182 Extra"]
[Source "ChessBase"]
[SourceDate "2018.02.23"]
[SourceVersion "1"]
[SourceVersionDate "2018.02.23"]
[SourceQuality "1"]

1. e4 c5 2. f4 g6 3. Nf3 Nc6 4. Bb5 Bg7 5. 0-0 e6 6. Bxc6 bxc6 7. c4 Nh6 8. d3 d6 9. Nc3 0-0 10. h3 f5 11. e5 d5 12. Na4 Qe7 13. b3 dxc4 14. dxc4 Rd8 15. Qc2 Nf7 16. Be3 Bf8 17. Bxc5 Qe8 18. Rad1 Ba6 19. Bxf8 Qxf8 20. Nd4 Qe8 21. Nc5 Bc8 22. Qf2 a5 23. Qh4 Ra7 24. Qf6 Rxd4 25. Rxd4 Qe7 26. Qxe7 Rxe7 27. Rfd1 Kg7 28. Nd7 1-0

[Event "London Classic op"]
[Site "London"]
[Date "2017.12.02"]
[Round "1"]
[White "Lercel, Michal"]
[Black "De Lagontrie, Jean"]
[Result "1-0"]
[WhiteElo "2244"]
[BlackElo "1823"]
[PlyCount "107"]
[EventDate "2017.12.02"]
[EventType "swiss"]
[EventRounds "9"]
[EventCountry "ENG"]
[SourceTitle "CBM 182 Extra"]
[Source "ChessBase"]
[SourceDate "2018.02.23"]
[SourceVersion "1"]
[SourceVersionDate "2018.02.23"]
[SourceQuality "1"]

1. Nf3 d5 2. c4 d4 3. e3 Nc6 4. b4 dxe3 5. fxe3 Nxb4 6. d4 e6 7. a3 Na6 8. Bd3 Nf6 9. 0-0 Be7 10. Bb2 0-0 11. Nbd2 c5 12. Qc2 h6 13. Ne5 Bd7 14. Rad1 Rc8 15. d5 exd5 16. Nxd7 Nxd7 17. cxd5 Bf6 18. Bxa6 bxa6 19. Nc4 Bxb2 20. Qxb2 Rb8 21. Qa2 Qe7 22. Rf3 Kh8 23. Qa1 Rb5 24. Rdf1 f6 25. Qc3 Rbb8 26. Rf5 Rbe8 27. R1f3 Qd8 28. Rg3 Qe7 29. e4 Qxe4 30. Nd6 Qe1+ 31. Rf1 Qxc3 32. Rxc3 Re5 33. Rd1 Kh7 34. Nc4 Re2 35. Rb1 Rfe8 36. Rb7 Ra2 37. h3 Ree2 38. Rg3 Re7 39. d6 Rf7 40. Re3 Ra1+ 41. Kf2 Ne5 42. Rxf7 Nxf7 43. Re7 Nxd6 44. Nxd6 Rxa3 45. Nf5 c4 46. Rxg7+ Kh8 47. Rc7 c3 48. g4 h5 49. Kg3 c2+ 50. Kh4 hxg4 51. hxg4 Ra2 52. Kh5 Kg8 53. Kg6 Kf8 54. Rc8# 1-0

[Event "Montigny le Bretonneux Noel op 17th"]
[Site "Montigny le Bretonneux"]
[Date "2016.12.29"]
[Round "5"]
[White "Chaintreau, Thomas"]
[Black "De Lagontrie, Jean"]
[Result "0-1"]
[WhiteElo "1099"]
[BlackElo "1746"]
[PlyCount "64"]
[EventDate "2016.12.26"]
[EventType "swiss"]
[EventRounds "7"]
[EventCountry "FRA"]
[SourceTitle "CBM 176 Extra"]
[Source "ChessBase"]
[SourceDate "2017.03.02"]
[SourceVersion "1"]
[SourceVersionDate "2017.03.02"]
[SourceQuality "1"]

1. e4 c5 2. Nc3 Nc6 3. Nf3 e6 4. Be2 d5 5. exd5 exd5 6. d4 cxd4 7. Nxd4 Bb4 8. Nxc6 bxc6 9. 0-0 Nf6 10. Re1 0-0 11. Bg5 Bf5 12. a3 Bd6 13. h3 Qc7 14. Kh1 d4 15. Na4 Ne4 16. Bd3 Nxf2+ 17. Kg1 Nxd1 18. Bxf5 Ne3 19. Bxe3 dxe3 20. Rxe3 Rfe8 21. Rd3 Re5 22. Bg4 Rae8 23. Rad1 h5 24. Bf3 R8e6 25. b4 Qe7 26. Kf1 Rf5 27. Kg1 Rxf3 28. gxf3 Qg5+ 29. Kf1 Bh2 30. Rd8+ Kh7 31. Kf2 Qg3+ 32. Kf1 Qg1# 0-1

[Event "Montigny le Bretonneux Noel op 17th"]
[Site "Montigny le Bretonneux"]
[Date "2016.12.29"]
[Round "6"]
[White "De Lagontrie, Jean"]
[Black "Barthere, Gilles"]
[Result "1-0"]
[WhiteElo "1746"]
[BlackElo "1509"]
[PlyCount "109"]
[EventDate "2016.12.26"]
[EventType "swiss"]
[EventRounds "7"]
[EventCountry "FRA"]
[SourceTitle "CBM 176 Extra"]
[Source "ChessBase"]
[SourceDate "2017.03.02"]
[SourceVersion "1"]
[SourceVersionDate "2017.03.02"]
[SourceQuality "1"]

1. d4 Nf6 2. c4 e6 3. Nc3 Bb4 4. e3 Ne4 5. Qc2 Nxc3 6. bxc3 Be7 7. Bd3 g6 8. Nf3 d6 9. e4 0-0 10. Bh6 Re8 11. e5 Nd7 12. Rd1 Bf8 13. Bxf8 Rxf8 14. h4 f5 15. exf6 Qxf6 16. h5 Rf7 17. hxg6 hxg6 18. Bxg6 Rg7 19. Nh4 Nf8 20. Be4 c6 21. Qe2 Bd7 22. Rd3 Re8 23. Rf3 Qg5 24. Qe3 e5 25. d5 c5 26. Qxg5 Rxg5 27. Rf6 Rg4 28. f3 Rg5 29. Rxd6 Re7 30. Kf2 Kf7 31. g4 Ke8 32. Ng6 Rf7 33. Nxf8 Rxf8 34. Rg6 Rxg4 35. Rxg4 Bxg4 36. Kg3 Bd7 37. Rh5 Rg8+ 38. Kf2 Rg7 39. Rxe5+ Kd8 40. d6 b6 41. Rh5 Rg8 42. Ke3 Be6 43. Rh7 a5 44. Rb7 Rg2 45. Bc6 Kc8 46. d7+ Bxd7 47. Rxd7 Rxa2 48. f4 Rc2 49. Kd3 Rf2 50. Rf7 Rh2 51. f5 Rh3+ 52. Kc2 Rh2+ 53. Kb3 Rh6 54. f6 Rh3 55. Bd7+ 1-0

[Event "London Classic op 8th"]
[Site "London"]
[Date "2016.12.12"]
[Round "5"]
[White "Haddock, Paul"]
[Black "De Lagontrie, Jean"]
[Result "1/2-1/2"]
[WhiteElo "1569"]
[BlackElo "1746"]
[PlyCount "53"]
[EventDate "2016.12.09"]
[EventType "swiss"]
[EventRounds "9"]
[EventCountry "ENG"]
[SourceTitle "CBM 176 Extra"]
[Source "ChessBase"]
[SourceDate "2017.03.02"]
[SourceVersion "1"]
[SourceVersionDate "2017.03.02"]
[SourceQuality "1"]

1. e4 e6 2. d4 d5 3. Nd2 Nf6 4. e5 Nfd7 5. Bd3 c5 6. c3 Nc6 7. Ndf3 cxd4 8. cxd4 f6 9. exf6 Nxf6 10. Ne2 Bd6 11. Bf4 Bxf4 12. Nxf4 0-0 13. 0-0 Ne4 14. Ne2 Rxf3 15. gxf3 Ng5 16. Ng3 Nh3+ 17. Kh1 Qh4 18. Qe2 Bd7 19. Qe3 Rf8 20. Rac1 a6 21. Rxc6 bxc6 22. a3 a5 23. Bc2 Nf4 24. Rg1 Nh3 25. Rg2 Nf4 26. Rg1 Nh3 27. Rg2 1/2-1/2

[Event "London Classic op 8th"]
[Site "London"]
[Date "2016.12.10"]
[Round "3"]
[White "Fischer, Daniel1111"]
[Black "De Lagontrie, Jean"]
[Result "1-0"]
[WhiteElo "2024"]
[BlackElo "1746"]
[PlyCount "155"]
[EventDate "2016.12.09"]
[EventType "swiss"]
[EventRounds "9"]
[EventCountry "ENG"]
[SourceTitle "CBM 176 Extra"]
[Source "ChessBase"]
[SourceDate "2017.03.02"]
[SourceVersion "1"]
[SourceVersionDate "2017.03.02"]
[SourceQuality "1"]

1. e4 c5 2. Nf3 Nc6 3. d4 cxd4 4. Nxd4 Nf6 5. Nc3 e5 6. Ndb5 d6 7. Bg5 a6 8. Na3 b5 9. Nd5 Qa5+ 10. Bd2 Qd8 11. Nxf6+ Qxf6 12. Bd3 Qg6 13. 0-0 Be7 14. c3 0-0 15. Qf3 Be6 16. Nc2 Na5 17. b3 Bg5 18. Ne3 Bxe3 19. Qxe3 Nb7 20. f4 f5 21. fxe5 dxe5 22. exf5 Bxf5 23. Bxf5 Rxf5 24. Rxf5 Qxf5 25. Rf1 Qe6 26. Qe4 Rb8 27. Re1 Nd8 28. Qxe5 Qxe5 29. Rxe5 Nc6 30. Re6 Rc8 31. Rd6 Rc7 32. Bf4 Kf7 33. Rh6 Rc8 34. Rd6 Ke7 35. Kf2 h5 36. Rd5 g6 37. Ke3 Ke6 38. Ke4 Ke7 39. Rc5 Ke6 40. h3 Kf7 41. Kf3 Ke6 42. Kg3 Kf6 43. Kh4 Ke6 44. Kg5 Kf7 45. Bh2 Ke6 46. b4 Kf7 47. Bf4 Ne7 48. Rxc8 Nxc8 49. Be3 Nd6 50. Bd4 Nc4 51. Bc5 Na3 52. Kf4 Ke6 53. Ke4 Nc4 54. Kd4 Nb2 55. Bf8 Nc4 56. a4 Nb6 57. axb5 axb5 58. g3 Na4 59. c4 bxc4 60. Kxc4 Kd7 61. Kb5 Nc3+ 62. Kb6 Ne4 63. g4 hxg4 64. hxg4 Nf6 65. g5 Ne4 66. Bh6 Nc3 67. b5 Na4+ 68. Kb7 Nc5+ 69. Ka7 Kc8 70. Bf8 Nb7 71. Kb6 Nd8 72. Be7 Nb7 73. Kc6 Na5+ 74. Kd6 Kb7 75. Ke6 Nb3 76. Kf6 Nd4 77. Kxg6 Kb6 78. Kf6 1-0

[Event "Lille Luce op 7th"]
[Site "Lille"]
[Date "2016.04.10"]
[Round "2"]
[White "De Lagontrie, Jean"]
[Black "Maloberti, David"]
[Result "0-1"]
[WhiteElo "1794"]
[BlackElo "2041"]
[PlyCount "72"]
[EventDate "2016.04.09"]
[EventType "swiss"]
[EventRounds "7"]
[EventCountry "FRA"]
[SourceTitle "CBM 171 Extra"]
[Source "ChessBase"]
[SourceDate "2016.04.26"]
[SourceVersion "1"]
[SourceVersionDate "2016.04.26"]
[SourceQuality "1"]

1. d4 Nf6 2. c4 g6 3. Nc3 Bg7 4. e4 d6 5. f4 0-0 6. Nf3 Na6 7. e5 Ng4 8. h3 Nh6 9. Be2 c5 10. d5 Nf5 11. 0-0 Nd4 12. Nxd4 cxd4 13. Qxd4 Nb4 14. Bd1 dxe5 15. fxe5 Nc6 16. Qe4 Nxe5 17. Bb3 Bf5 18. Rxf5 gxf5 19. Qxf5 Qb6+ 20. Kh1 Qg6 21. Qf1 Rfc8 22. Bf4 Qd3 23. Qe1 Qf5 24. Bg3 a5 25. Rd1 Ra6 26. Rd2 Nxc4 27. Bc2 Qg5 28. Ne4 Qh6 29. Rf2 Bd4 30. Rf4 Ne3 31. Bd3 Rg6 32. Rh4 Qg7 33. Kh2 f5 34. Nc3 Rxg3 35. Qxg3 Be5 36. Rf4 Bxf4 0-1

[Event "Lille Luce op 7th"]
[Site "Lille"]
[Date "2016.04.09"]
[Round "1"]
[White "Tawil, Alexandre"]
[Black "De Lagontrie, Jean"]
[Result "1-0"]
[WhiteElo "2123"]
[BlackElo "1794"]
[PlyCount "55"]
[EventDate "2016.04.09"]
[EventType "swiss"]
[EventRounds "7"]
[EventCountry "FRA"]
[SourceTitle "CBM 171 Extra"]
[Source "ChessBase"]
[SourceDate "2016.04.26"]
[SourceVersion "1"]
[SourceVersionDate "2016.04.26"]
[SourceQuality "1"]

1. Nf3 d5 2. g3 c5 3. Bg2 Nc6 4. 0-0 Nf6 5. b3 e6 6. c4 Be7 7. e3 0-0 8. Bb2 Ne4 9. d3 Bf6 10. Bxf6 Qxf6 11. Na3 Nd6 12. Qe2 dxc4 13. dxc4 e5 14. Nb5 Bg4 15. h3 Bh5 16. g4 Bg6 17. Nc7 Qd8 18. Nxa8 Qxa8 19. Nh4 Ne7 20. Rad1 Qb8 21. Nxg6 hxg6 22. Qb2 f6 23. Rd2 Rd8 24. Rfd1 Nf7 25. Rxd8+ Nxd8 26. Rd7 Ndc6 27. Qd2 Kh7 28. Qd6 1-0

[Event "London Classic op 7th"]
[Site "London"]
[Date "2015.12.10"]
[Round "8"]
[White "Shah, Dipak K"]
[Black "De Lagontrie, Jean"]
[Result "0-1"]
[WhiteElo "1837"]
[BlackElo "1776"]
[PlyCount "78"]
[EventDate "2015.12.04"]
[EventType "swiss"]
[EventRounds "9"]
[EventCountry "ENG"]
[SourceTitle "CBM 169 Extra"]
[Source "ChessBase"]
[SourceDate "2015.12.18"]
[SourceVersion "1"]
[SourceVersionDate "2015.12.18"]
[SourceQuality "1"]

1. e4 c5 2. Nf3 Nc6 3. Bc4 e6 4. d4 cxd4 5. Nxd4 Nge7 6. 0-0 Nxd4 7. Qxd4 Nc6 8. Qc3 Qf6 9. Qxf6 gxf6 10. Nc3 a6 11. a3 b5 12. Bd3 Bb7 13. Be3 Ne5 14. b4 Rc8 15. Ne2 Be7 16. Bh6 Rg8 17. Ng3 d6 18. Bd2 Kd7 19. a4 Nxd3 20. cxd3 Bc6 21. a5 Bb7 22. Ra2 Rc6 23. f4 Rgc8 24. Kf2 Rc2 25. Rfa1 d5 26. Ke3 dxe4 27. Nxe4 Bxe4 28. dxe4 R2c4 29. Rb1 f5 30. exf5 exf5 31. Kf3 Bd6 32. Ra3 Rd4 33. Ke3 Rcc4 34. g3 Rxd2 35. Kxd2 Bxb4+ 36. Rxb4 Rxb4 37. Ra2 Kc6 38. Kc3 Kc5 39. Re2 Re4 0-1

[Event "Muret Seniors op 14th"]
[Site "Muret"]
[Date "2015.06.22"]
[Round "7"]
[White "De Lagontrie, Jean"]
[Black "Heude, Jean Noel"]
[Result "1-0"]
[WhiteElo "1782"]
[BlackElo "1370"]
[PlyCount "85"]
[EventDate "2015.06.22"]
[EventType "swiss"]
[EventRounds "7"]
[EventCountry "FRA"]
[SourceTitle "EXT 2016"]
[Source "ChessBase"]
[SourceDate "2015.10.08"]
[SourceVersion "1"]
[SourceVersionDate "2015.10.08"]
[SourceQuality "1"]

1. d4 d5 2. c4 c6 3. Nf3 Nf6 4. Nc3 Nbd7 5. e3 g6 6. b3 Bg7 7. Bb2 0-0 8. Bd3 Re8 9. 0-0 b6 10. Qc2 Bb7 11. Rac1 Rc8 12. Qb1 e6 13. Rfd1 Rc7 14. cxd5 exd5 15. b4 Qc8 16. a4 a6 17. Nd2 Re6 18. Nb3 c5 19. dxc5 bxc5 20. Nxc5 Nxc5 21. bxc5 Rxc5 22. Ne2 Rxc1 23. Rxc1 Rc6 24. Nd4 Rxc1+ 25. Qxc1 Ne4 26. Qxc8+ Bxc8 27. a5 Nc5 28. Bc2 Bf6 29. f3 Kg7 30. Kf2 Ne6 31. Ke2 Bd7 32. Kd2 Nxd4 33. Bxd4 Bxd4 34. exd4 Kf6 35. Bd3 Bc8 36. Kc3 Ke6 37. Kb4 Kd6 38. h4 h5 39. Be2 f5 40. f4 Kc6 41. Bd1 Be6 42. Ba4+ Kd6 43. Be8 1-0

[Event "Muret Seniors op 14th"]
[Site "Muret"]
[Date "2015.06.22"]
[Round "4"]
[White "Maruejols, Claude"]
[Black "De Lagontrie, Jean"]
[Result "1/2-1/2"]
[WhiteElo "1954"]
[BlackElo "1782"]
[PlyCount "42"]
[EventDate "2015.06.22"]
[EventType "swiss"]
[EventRounds "7"]
[EventCountry "FRA"]
[SourceTitle "EXT 2016"]
[Source "ChessBase"]
[SourceDate "2015.10.08"]
[SourceVersion "1"]
[SourceVersionDate "2015.10.08"]
[SourceQuality "1"]

1. d4 Nf6 2. c4 d6 3. Nf3 Nbd7 4. Nc3 e5 5. e4 Be7 6. Be2 0-0 7. 0-0 c6 8. d5 c5 9. a3 a5 10. Ne1 Ne8 11. Nd3 Bg5 12. f4 exf4 13. Bxf4 Bxf4 14. Rxf4 Ne5 15. b3 b6 16. Qc2 Ra7 17. Nxe5 dxe5 18. Nb5 Rb7 19. Rf3 Bd7 20. Nc3 Nd6 21. Raf1 Qe7 1/2-1/2

[Event "Lille Luce op 6th"]
[Site "Lille"]
[Date "2015.05.06"]
[Round "3"]
[White "Bannink, Bernard"]
[Black "De Lagontrie, Jean"]
[Result "1/2-1/2"]
[WhiteElo "2267"]
[BlackElo "1796"]
[PlyCount "112"]
[EventDate "2015.05.04"]
[EventType "swiss"]
[EventRounds "9"]
[EventCountry "FRA"]
[SourceTitle "EXT 2017"]
[Source "ChessBase"]
[SourceDate "2016.10.25"]
[SourceVersion "1"]
[SourceVersionDate "2016.10.25"]
[SourceQuality "1"]

1. d4 d5 2. Nf3 c6 3. c4 e6 4. Nc3 dxc4 5. Bg5 f6 6. Bd2 b5 7. e3 a5 8. a4 Bb4 9. axb5 Bxc3 10. Bxc3 cxb5 11. b3 Bb7 12. bxc4 b4 13. Bb2 Ne7 14. Bd3 0-0 15. 0-0 Nd7 16. Nd2 f5 17. e4 Nc5 18. Bc2 Nxe4 19. Nxe4 Bxe4 20. Bxe4 fxe4 21. Re1 Qd7 22. Qb3 Kh8 23. Rxe4 Nf5 24. h3 h6 25. d5 exd5 26. cxd5 Kh7 27. Qd3 Kg8 28. Rae1 a4 29. Rxb4 Nd6 30. Re3 Qf5 31. Qxf5 Nxf5 32. Ra3 Rfd8 33. Raxa4 Rxa4 34. Rxa4 Rxd5 35. Ra7 Rd1+ 36. Kh2 Rd2 37. Ba1 Rxf2 38. Kg1 Re2 39. g4 Ne7 40. Kf1 Re6 41. Kf2 Kf7 42. Bc3 Re4 43. Kf3 Re6 44. h4 Kg6 45. Rb7 Kf7 46. Bb4 Kf6 47. g5+ hxg5 48. hxg5+ Kf7 49. Kf4 Re2 50. g6+ Ke8 51. Bxe7 Rxe7 52. Rb8+ Kd7 53. Kf5 Re8 54. Rb7+ Kd8 55. Rxg7 Rf8+ 56. Kg5 Rf1 1/2-1/2

[Event "London Classic op 6th"]
[Site "London"]
[Date "2014.12.09"]
[Round "2"]
[White "Nilsen, Martin"]
[Black "De Lagontrie, Jean"]
[Result "1-0"]
[WhiteElo "2006"]
[BlackElo "1802"]
[PlyCount "27"]
[EventDate "2014.12.08"]
[EventType "swiss"]
[EventRounds "9"]
[EventCountry "ENG"]
[SourceTitle "CBM 163 Extra"]
[Source "ChessBase"]
[SourceDate "2014.12.23"]
[SourceVersion "1"]
[SourceVersionDate "2014.12.23"]
[SourceQuality "1"]

1. e4 e6 2. d4 d5 3. Nc3 Bb4 4. e5 c5 5. a3 Bxc3+ 6. bxc3 Ne7 7. Qg4 Qc7 8. Bd2 Nbc6 9. Nf3 Bd7 10. Qxg7 0-0-0 11. Bd3 Rhg8 12. Qh6 cxd4 13. cxd4 Nxe5 14. Nxe5 1-0

[Event "London Classic op 6th"]
[Site "London"]
[Date "2014.12.08"]
[Round "1"]
[White "De Lagontrie, Jean"]
[Black "Sathyanandha, Saravanan"]
[Result "0-1"]
[WhiteElo "1802"]
[BlackElo "2190"]
[PlyCount "74"]
[EventDate "2014.12.08"]
[EventType "swiss"]
[EventRounds "9"]
[EventCountry "ENG"]
[SourceTitle "CBM 163 Extra"]
[Source "ChessBase"]
[SourceDate "2014.12.23"]
[SourceVersion "1"]
[SourceVersionDate "2014.12.23"]
[SourceQuality "1"]

1. d4 Nf6 2. c4 e6 3. Nc3 Bb4 4. e3 0-0 5. Nge2 d5 6. a3 Be7 7. cxd5 exd5 8. b4 c6 9. Ng3 Re8 10. Bd3 Nbd7 11. 0-0 Bd6 12. Re1 Nf8 13. f3 Bxg3 14. hxg3 Qd6 15. Kf2 Nh5 16. Ne2 f5 17. Rh1 Nf6 18. Bd2 a6 19. Qb1 g6 20. Qb3 Be6 21. Rac1 N8d7 22. Rc3 Nb6 23. Nf4 Bf7 24. Be2 g5 25. Nh3 h6 26. Ng1 Kg7 27. Bd1 Nc4 28. Bc1 b5 29. Bc2 Bg6 30. Qb1 Rf8 31. Ne2 Qe6 32. g4 Ne4+ 33. Bxe4 fxe4 34. f4 Qxg4 35. Rxc4 bxc4 36. Qc2 gxf4 37. Nxf4 Rxf4+ 0-1

[Event "Montigny le Bretonneux op 13th"]
[Site "Montigny le Bretonneux"]
[Date "2014.10.22"]
[Round "5"]
[White "Rettore, Ludwig"]
[Black "De Lagontrie, Jean"]
[Result "1-0"]
[WhiteElo "2135"]
[BlackElo "1870"]
[PlyCount "87"]
[EventDate "2014.10.18"]
[EventType "swiss"]
[EventRounds "9"]
[EventCountry "FRA"]
[SourceTitle "EXT 2016"]
[Source "ChessBase"]
[SourceDate "2015.10.08"]
[SourceVersion "1"]
[SourceVersionDate "2015.10.08"]
[SourceQuality "1"]

1. Nf3 c5 2. e4 Nc6 3. Nc3 Nf6 4. d4 cxd4 5. Nxd4 e5 6. Ndb5 d6 7. Bg5 a6 8. Bxf6 gxf6 9. Na3 b5 10. Nd5 f5 11. Bd3 Be6 12. 0-0 Bxd5 13. exd5 Ne7 14. Nxb5 Bg7 15. Nc3 e4 16. Bc4 0-0 17. Qh5 Qc8 18. Bb3 Ng6 19. Rae1 Re8 20. f4 Kh8 21. Kh1 Ra7 22. Nd1 Bd4 23. Ne3 Bxe3 24. Rxe3 Rg8 25. Qg5 Rg7 26. Qf6 Qd7 27. Rc3 Ne7 28. Rg3 Ng6 29. Rc3 Ne7 30. Re1 Ng8 31. Qd4 f6 32. Ba4 Qf7 33. Rc8 Rg4 34. g3 Re7 35. Re3 h5 36. c4 h4 37. Bd1 Rg7 38. gxh4 Kh7 39. h5 Nh6 40. h3 Ng8 41. b4 Re8 42. Rxe8 Qxe8 43. a4 Qf7 44. Qc3 1-0

[Event "Montigny le Bretonneux op 13th"]
[Site "Montigny le Bretonneux"]
[Date "2014.10.19"]
[Round "2"]
[White "De Lagontrie, Jean"]
[Black "Iasoni, Robert"]
[Result "0-1"]
[WhiteElo "1870"]
[BlackElo "2137"]
[PlyCount "112"]
[EventDate "2014.10.18"]
[EventType "swiss"]
[EventRounds "9"]
[EventCountry "FRA"]
[SourceTitle "EXT 2016"]
[Source "ChessBase"]
[SourceDate "2015.10.08"]
[SourceVersion "1"]
[SourceVersionDate "2015.10.08"]
[SourceQuality "1"]

1. d4 Nf6 2. c4 c5 3. d5 e6 4. Nc3 exd5 5. cxd5 d6 6. e4 g6 7. f4 Bg7 8. Nf3 0-0 9. Be2 Bg4 10. 0-0 a6 11. a4 Re8 12. e5 Bxf3 13. Bxf3 dxe5 14. fxe5 Rxe5 15. Bf4 Re8 16. Qd2 Nbd7 17. d6 Rb8 18. Rfe1 b5 19. axb5 axb5 20. Re7 Bf8 21. Rae1 Bxe7 22. dxe7 Rxe7 23. Rxe7 Qxe7 24. Bxb8 Nxb8 25. Nxb5 Nbd7 26. Nc3 Ne5 27. Be2 Nc6 28. h3 Qe5 29. Bf3 Nd4 30. Bd1 Kg7 31. Kh1 h6 32. Kg1 h5 33. Kh1 g5 34. Kg1 g4 35. hxg4 hxg4 36. Ne2 Ne4 37. Qe3 f5 38. Nf4 g3 39. Nh5+ Kf7 40. Qf4 Qxf4 41. Nxf4 Kf6 42. Bf3 Kg5 43. Nd3 Nb3 44. Kf1 c4 45. Bxe4 Nd2+ 46. Ke2 Nxe4 47. Ne5 Nd6 48. Kf3 f4 49. Ke2 Kf6 50. Nf3 Kf5 51. Nd2 Kg4 52. Nf3 Nf7 53. Kf1 Kf5 54. Ke2 Ne5 55. Nd2 Ke6 56. Kd1 f3 0-1